Normal view MARC view
  • Kalantidou Eleni

Entry Personal Name

Number of records used in: 1

001 - CONTROL NUMBER

  • control field: 216264

003 - CONTROL NUMBER IDENTIFIER

  • control field: OSt

005 - DATE AND TIME OF LATEST TRANSACTION

  • control field: 20260109114248.0

008 - FIXED-LENGTH DATA ELEMENTS

  • fixed length control field: 260109|| aca||aabn | a|a d

040 ## - CATALOGING SOURCE

  • Original cataloging agency: OSt
  • Transcribing agency: OSt

100 ## - HEADING--PERSONAL NAME

  • Personal name: Kalantidou Eleni

670 ## - SOURCE DATA FOUND

  • Source citation: Work cat.: (OSt)369809: Kalantidou Eleni, Introduction to Design Psychology, 2025